| 000 -ლიდერი |
| ფიქსირებული სიგრძის საკონტროლო ველი |
01537nam a22002417a 4500 |
| 003 - საკონტროლო ნომრის იდენტიფიკატორი |
| საკონტროლო ველი |
Ge_BSU |
| 005 - ბოლო ოპერაციის თარიღი და დრო |
| საკონტროლო ველი |
20230510163407.0 |
| 008 - ფიქსირებული სიგრძის მონაცემთა ელემენტები - ზოგადი ინფორმაცია |
| ფიქსირებული სიგრძის საკონტროლო ველი |
230510s2006 ge ||||| |||| 00| 0 geo d |
| 020 ## - წიგნის საერთაშორისო სტანდარტული ნომერი |
| International Standard Book Number |
9994007564 |
| 041 ## - ენის კოდი |
| Language code of text/sound track or separate title |
geo |
| 080 ## - უნივერსალური ათობითი კლასიფიკაციის ინდექსი |
| Universal Decimal Classification number |
902.2(479.222.4) ს-15 |
| 100 ## - მთავარი ჩანაწერი - პიროვნების სახელი |
| Personal name |
სადრაძე, ვაჟა |
| 9 (RLIN) |
17946 |
| 245 ## - ცნობა სათაურის შესახებ |
| Title |
გურიის კულტურული მემკვიდრეობა, დიმიტრი ბაქრაძე და თანამედროვეობა / |
| Statement of responsibility, etc |
ვაჟა სადრაძე, ჯუანშერ ამირანაშვილი, მერაბ ძნელაძე ; [რედ.: ანდრია აფაქიძე] ; საქ. მეცნ. აკად., არქეოლ. კვლევ. ცენტრი, სიძველეთა შესწ. და დაცვის საქველმოქმ. ფონდი "გურია". |
| 264 ## - წარმოების, გამოცემის, დისტრიბუციის და სხვა ცნობები |
| გამოცემის, წარმოების, დისტრიბუციის... ადგილი |
თბილისი : |
| გამოცემის, წარმოების, დისტრიბუციის... თარიღი |
2006. |
| 300 ## - ფიზიკური აღწერა |
| Extent |
141 გვ. : |
| Other physical details |
ილ. ; |
| Dimensions |
20 სმ. |
| 504 ## - BIBLIOGRAPHY, ETC. NOTE |
| Bibliography, etc |
ბიბლიოგრ.: გვ. 52-55. |
| 653 ## - INDEX TERM--UNCONTROLLED |
| Uncontrolled term |
ბაქრაძე, დიმიტრი. |
| 653 ## - INDEX TERM--UNCONTROLLED |
| Uncontrolled term |
არქეოლოგიური გათხრები გურიაში. |
| 653 ## - INDEX TERM--UNCONTROLLED |
| Uncontrolled term |
ქართველი არქეოლოგები |
| 700 ## - ADDED ENTRY--PERSONAL NAME |
| Personal name |
ამირანაშვილი, ჯუანშერ |
| Relator term |
ავტორი |
| 9 (RLIN) |
17671 |
| 700 ## - ADDED ENTRY--PERSONAL NAME |
| Personal name |
ძნელაძე, მერაბ |
| Relator term |
ავტორი |
| 9 (RLIN) |
18080 |
| 942 ## - ADDED ENTRY ELEMENTS (KOHA) |
| Source of classification or shelving scheme |
|
| Koha item type |
წიგნი |